Celine Dion Songs - Statistics

General Stats
  • This quiz has been taken 208 times
  • The average score is 6 of 10
Answer Stats
Year Peak Song Other Featured Artist % Correct
1998 1 My Heart Will Go On
93%
1994 1 The Power of Love
77%
1997 4 All By Myself
73%
1992 9 Beauty And The Beast Peabo Bryson
69%
1996 2 It's All Coming Back To Me Now
69%
1996 1 Because You Loved Me
67%
1998 1 I'm Your Angel R. Kelly
54%
2000 6 That's The Way It Is
54%
1991 4 Where Does My Heart Beat Now
51%
1992 4 If You Asked Me To
39%
No matching quizzes found
Score Distribution
Percent of People with Each Score
Percentile by Number Answered
Your Score History
You have not taken this quiz